Statistics for General Knowledge Quiz #174

Click here to take the quiz!

General Stats

  • This quiz has been taken 40,657 times
  • The average score is 12 of 20

Answer Stats

QuestionAnswer% Correct
What don't devout Muslims do during daylight hours in the month of Ramadan?Eat
93%
What city is home to the original Guinness brewery?Dublin
84%
What are the two most well-known gulfs in the ocean?Gulf of Mexico
81%
What V word refers to pest animals such as rodents, termites, and bed bugs?Vermin
81%
What language does the word graffiti come from?Italian
78%
What can be a waxing crescent or waning gibbous?The Moon
74%
In terms of genetics, what is the opposite of recessive?Dominant
71%
What word often precedes Ivy, Oak, and Sumac?Poison
70%
Which enemy of Mario wears a cap with a W on it?Wario
67%
What is the southernmost major city in California?San Diego
66%
In what fortress can tourists view the Crown Jewels of the United Kingdom?Tower of London
66%
Name a country that borders Ghana.Togo, Ivory Coast, or
Burkina Faso
61%
What deadly sin is also known as avarice?Greed
59%
What board game with 144 tiles is commonly played in Hong Kong?Mahjong
58%
What are the two most well-known gulfs in the ocean?Persian Gulf
54%
What city is most commonly associated with geishas?Kyoto
49%
What country was supermodel Gisele Bündchen born in?Brazil
43%
On what holiday were Northern Ireland peace accords signed in 1998?Good Friday
33%
What is the male equivalent of a fishwife?Fishmonger
27%
What sport was popularized by Duke Kahanamoku?Surfing
20%

Score Distribution

Percentile by Number Answered

Percent of People with Each Score

Your Score History

You have not taken this quiz